[Event "4NCL Division 4 South"]
[Site "Maidenhead, ENG"]
[Date "2019.11.09"]
[Round "1.95"]
[White "Jerome, David"]
[Black "Shaw, John S"]
[Result "0-1"]
[WhiteElo "1217"]
[BlackElo "1667"]
[PlyCount "66"]
[EventDate "2019.11.09"]
[WhiteTeam "Wessex D"]
[BlackTeam "MK Phoenix 2"]

1. d4 d5 2. Nf3 Nf6 3. Nc3 c6 4. h3 Bf5 5. Nh4 Bg6 6. f4 e6 7. Nf3 Ne4 8. Nxe4
dxe4 9. Ng1 Qh4+ 10. Kd2 Qxf4+ 11. e3 Qd6 12. c3 e5 13. Ne2 exd4 14. exd4 Nd7
15. Ke1 Nf6 16. Bf4 Qd7 17. Ng3 Bd6 18. Bxd6 Qxd6 19. Ne2 O-O 20. h4 Rad8 21.
g3 Nh5 22. Rg1 f5 23. Qc1 c5 24. Qe3 cxd4 25. cxd4 f4 26. Qb3+ Bf7 27. Qxb7 f3
28. Nf4 Nxf4 29. gxf4 Qxd4 30. Rxg7+ Kxg7 31. Bd3 Qxd3 32. Kf2 Qe2+ 33. Kg3
Qg2# 0-1

[Event "4NCL Division 4 South"]
[Site "Maidenhead, ENG"]
[Date "2019.11.09"]
[Round "1.96"]
[White "Cox, David"]
[Black "Cuthbert, Larissa"]
[Result "0-1"]
[WhiteElo "1300"]
[BlackElo "1034"]
[PlyCount "32"]
[EventDate "2019.11.09"]
[WhiteTeam "MK Phoenix 2"]
[BlackTeam "Wessex D"]

1. e4 e6 2. b3 Nc6 3. Bb2 d5 4. exd5 exd5 5. Nf3 Nf6 6. h3 Bc5 7. Qe2+ Be6 8.
Nc3 O-O 9. O-O-O Qd6 10. g4 Rfe8 11. d3 Bxg4 12. Qxe8+ Rxe8 13. hxg4 Nxg4 14.
Nb5 Qf4+ 15. Rd2 Qxf3 16. Rh3 Re1+ 0-1

[Event "4NCL Division 4 South"]
[Site "Maidenhead, ENG"]
[Date "2019.11.09"]
[Round "1.101"]
[White "Szelc, Adam"]
[Black "Sheard, Jack"]
[Result "1-0"]
[WhiteElo "2095"]
[BlackElo "1847"]
[PlyCount "83"]
[EventDate "2019.11.09"]
[WhiteTeam "Warwickshire Select 2"]
[BlackTeam "Surbiton 2"]

1. d4 Nc6 2. c4 e5 3. d5 Bb4+ 4. Nd2 Nce7 5. e4 Nf6 6. Qc2 Ng6 7. a3 Bc5 8. Nb3
b6 9. Nxc5 bxc5 10. Be3 d6 11. b4 O-O 12. bxc5 Ng4 13. cxd6 Nxe3 14. fxe3 cxd6
15. Nf3 f5 16. exf5 Bxf5 17. Bd3 e4 18. Bxe4 Bxe4 19. Qxe4 Qa5+ 20. Kf2 Rae8
21. Qd4 Qd8 22. Rhf1 Qg5 23. Kg1 Qxe3+ 24. Qxe3 Rxe3 25. Rfe1 Rfe8 26. Kf2 Rxe1
27. Rxe1 Rxe1 28. Kxe1 Nf4 29. g3 Nd3+ 30. Kd2 Nc5 31. Ke3 Kf7 32. Ng5+ Kg6 33.
Ne4 Nb7 34. g4 h5 35. h3 hxg4 36. hxg4 a6 37. Kd4 a5 38. Kc3 Kf7 39. Kb3 Ke7
40. Ka4 Kd7 41. Kb5 Kc7 42. a4 1-0

[Event "4NCL Division 4 South"]
[Site "Maidenhead, ENG"]
[Date "2019.11.09"]
[Round "1.102"]
[White "Alcock, Graham P"]
[Black "Patel, Devan"]
[Result "0-1"]
[WhiteElo "1810"]
[BlackElo "1915"]
[PlyCount "66"]
[EventDate "2019.11.09"]
[WhiteTeam "Surbiton 2"]
[BlackTeam "Warwickshire Select 2"]

1. e4 e5 2. Nf3 Nc6 3. c3 d5 4. Bb5 dxe4 5. Nxe5 Qd5 6. Bxc6+ bxc6 7. f4 f6 8.
Ng4 Qf5 9. Nf2 Bc5 10. Qe2 Kf8 11. O-O Qxf4 12. b4 Bd6 13. g3 Qe5 14. Qxe4 Qxe4
15. Nxe4 Ba6 16. Rf2 Re8 17. Nxd6 Re1+ 18. Kg2 Rxc1 19. b5 cxb5 20. Nf5 Bb7+
21. Kh3 Be4 22. Nd4 Rxb1 23. Rxb1 Bxb1 24. Nxb5 Bxa2 25. Nxc7 Ne7 26. d4 Bc4
27. Rb2 Kf7 28. Nb5 Bxb5 29. Rxb5 Rc8 30. Ra5 Rxc3 31. Rxa7 Rd3 32. Ra4 Kg6 33.
Kg2 Nf5 0-1

[Event "4NCL Division 4 South"]
[Site "Maidenhead, ENG"]
[Date "2019.11.09"]
[Round "1.103"]
[White "Cundy, Mark A"]
[Black "Durrant, Paul Eo"]
[Result "1-0"]
[WhiteElo "1862"]
[BlackElo "1802"]
[PlyCount "72"]
[EventDate "2019.11.09"]
[WhiteTeam "Warwickshire Select 2"]
[BlackTeam "Surbiton 2"]

1. e4 c5 2. Nf3 a6 3. c4 Nc6 4. d4 cxd4 5. Nxd4 Nf6 6. Nc3 d6 7. Be2 e5 8. Nc2
Be6 9. O-O Be7 10. Ne3 Nd4 11. Bd3 O-O 12. Ncd5 Nd7 13. Nxe7+ Qxe7 14. Re1 Rac8
15. Nd5 Bxd5 16. exd5 f5 17. Bf1 f4 18. Qxd4 Qf6 19. Qd1 a5 20. Bd2 b6 21. Bc3
Qg5 22. Qf3 Rce8 23. h3 Nf6 24. Bd2 Qg6 25. Rac1 Nd7 26. Bd3 Qf7 27. a3 g5 28.
b4 a4 29. Bc3 Qf6 30. Be4 Re7 31. Qd1 Ra8 32. Bc2 Qh6 33. Bxa4 Nf6 34. f3 Qg7
35. c5 bxc5 36. bxc5 dxc5 1-0

[Event "4NCL Division 4 South"]
[Site "Maidenhead, ENG"]
[Date "2019.11.09"]
[Round "1.104"]
[White "Seymour, Paul"]
[Black "Bowcott, Dustin"]
[Result "0-1"]
[WhiteElo "1675"]
[BlackElo "1900"]
[PlyCount "52"]
[EventDate "2019.11.09"]
[WhiteTeam "Surbiton 2"]
[BlackTeam "Warwickshire Select 2"]

1. d4 g6 2. Bf4 Bg7 3. e3 d6 4. Nf3 Nd7 5. Be2 e5 6. Bg3 Qe7 7. c3 Ngf6 8. h3
Ne4 9. Bh2 Nb6 10. a4 a5 11. Nbd2 Ng5 12. dxe5 dxe5 13. e4 Bd7 14. Bg3 O-O 15.
Nxg5 Qxg5 16. O-O Rad8 17. Qc2 Bxa4 18. Rxa4 Rxd2 19. Qc1 Nxa4 20. f4 Qd8 21.
Bb5 Nc5 22. fxe5 Nxe4 23. Be1 Rd5 24. Bc4 Rxe5 25. Rxf7 Rxf7 26. Qf4 Qf6 0-1

[Event "4NCL Division 4 South"]
[Site "Maidenhead, ENG"]
[Date "2019.11.09"]
[Round "1.105"]
[White "Sandhu, Manvith"]
[Black "Ratnesan, Radha"]
[Result "1-0"]
[WhiteElo "1832"]
[BlackElo "1652"]
[PlyCount "99"]
[EventDate "2019.11.09"]
[WhiteTeam "Warwickshire Select 2"]
[BlackTeam "Surbiton 2"]

1. e4 e6 2. d4 d5 3. Bd3 dxe4 4. Bxe4 Nf6 5. Bf3 c5 6. Ne2 Nc6 7. Be3 cxd4 8.
Nxd4 Ne5 9. Be2 Be7 10. Nc3 O-O 11. O-O Bd7 12. Bf4 Ng6 13. Bg3 Rc8 14. Bf3 Qb6
15. Nb3 Bb4 16. Ne4 Nxe4 17. Bxe4 Bb5 18. Bd3 Rfd8 19. Qe2 Rxc2 20. Qxc2 Bxd3
21. Qc1 Bxf1 22. Bc7 Qc6 23. Qxc6 bxc6 24. Bxd8 Bb5 25. Ba5 Be7 26. Nd4 Bf6 27.
Nxb5 cxb5 28. Rc1 h6 29. Rc8+ Kh7 30. Bc3 Bxc3 31. Rxc3 Nf4 32. Ra3 Nd5 33.
Rxa7 Kg6 34. Rb7 b4 35. a4 bxa3 36. bxa3 Nc3 37. Rb3 Na4 38. Rb4 Nc5 39. a4 f5
40. a5 Kf6 41. Rb5 Na6 42. Rb6 Nc7 43. a6 g5 44. a7 h5 45. Rc6 Na8 46. Rc8 Nb6
47. Rb8 Nd7 48. Rb7 Nc5 49. Rb5 Na6 50. a8=Q 1-0

[Event "4NCL Division 4 South"]
[Site "Maidenhead, ENG"]
[Date "2019.11.09"]
[Round "1.106"]
[White "Cole, David M"]
[Black "Turner, Simon"]
[Result "1/2-1/2"]
[WhiteElo "1645"]
[BlackElo "1847"]
[PlyCount "63"]
[EventDate "2019.11.09"]
[WhiteTeam "Surbiton 2"]
[BlackTeam "Warwickshire Select 2"]

1. d4 Nf6 2. c4 g6 3. Nc3 Bg7 4. e4 d6 5. Be2 Nbd7 6. Be3 O-O 7. g4 e5 8. d5
Nc5 9. Bf3 a5 10. g5 Nfd7 11. h4 b6 12. h5 Ba6 13. Be2 f5 14. gxf6 Qxf6 15. Qd2
Qf7 16. O-O-O Nf6 17. hxg6 Qxg6 18. f3 Kf7 19. Nh3 Ke7 20. Rdg1 Qf7 21. Ng5 Qg8
22. Bxc5 bxc5 23. Ne6 Rf7 24. Nxc7 Ra7 25. Ne6 Rb7 26. Rg3 Bh6 27. Ng5 Qg6 28.
Rxh6 Qxh6 29. Nxf7 Qxd2+ 30. Kxd2 Kxf7 31. Nb5 Rb6 32. b3 1/2-1/2

[Event "4NCL Division 4 South"]
[Site "Maidenhead, ENG"]
[Date "2019.11.09"]
[Round "1.111"]
[White "Gentry, Alan E"]
[Black "Smith, Steve"]
[Result "0-1"]
[WhiteElo "1738"]
[BlackElo "1779"]
[PlyCount "106"]
[EventDate "2019.11.09"]
[WhiteTeam "Oxford 5"]
[BlackTeam "West is Best 3"]

1. d4 d5 2. Nf3 Nf6 3. c4 c6 4. Nc3 dxc4 5. a4 Bf5 6. e3 e6 7. Bxc4 Bb4 8. O-O
O-O 9. Qe2 Bg6 10. Rd1 Nbd7 11. Ne5 Nxe5 12. dxe5 Nd7 13. Qg4 Bxc3 14. bxc3
Nxe5 15. Qe2 Qa5 16. Ba3 Rfd8 17. Bb4 Qc7 18. e4 Nxc4 19. Qxc4 Rxd1+ 20. Rxd1
Rd8 21. Re1 Qd7 22. f3 Qd2 23. Qe2 Qxe2 24. Rxe2 e5 25. Kf2 f6 26. Ke3 Be8 27.
Rd2 Rc8 28. a5 c5 29. Ba3 Bb5 30. Rb2 Ba6 31. Rd2 Bb5 32. Rb2 a6 33. Rd2 Kf7
34. Rd5 Ke8 35. Bxc5 Bc4 36. Bb4 Bxd5 37. exd5 Kd7 38. Kd3 f5 39. Ke3 Re8 40.
c4 g5 41. g4 fxg4 42. fxg4 h5 43. Ke4 hxg4 44. Kf5 Rh8 45. Kxg4 Rxh2 46. Kxg5
Rc2 47. c5 Rc4 48. c6+ bxc6 49. dxc6+ Kxc6 50. Bd2 Kd5 51. Kf5 Ra4 52. Kf6 Rf4+
53. Bxf4 exf4 0-1

[Event "4NCL Division 4 South"]
[Site "Maidenhead, ENG"]
[Date "2019.11.09"]
[Round "1.112"]
[White "Payan, Juan C"]
[Black "Arora, Tashika"]
[Result "1-0"]
[WhiteElo "1791"]
[BlackElo "1690"]
[PlyCount "131"]
[EventDate "2019.11.09"]
[WhiteTeam "West is Best 3"]
[BlackTeam "Oxford 5"]

1. e4 c5 2. Nf3 d6 3. d4 cxd4 4. Nxd4 Nf6 5. Nc3 g6 6. Be3 Bg7 7. f3 O-O 8. Qd2
Nc6 9. O-O-O Bd7 10. Bc4 Rc8 11. Bb3 Ne5 12. Bh6 Nc4 13. Bxc4 Rxc4 14. Bxg7
Kxg7 15. g4 a6 16. h4 h6 17. Nde2 Qa5 18. Ng3 Be6 19. g5 Ng8 20. f4 Bg4 21.
Rdf1 h5 22. f5 Rfc8 23. fxg6 fxg6 24. Qf2 Be6 25. Nge2 Qe5 26. Nf4 b5 27. Nd3
Qd4 28. a3 Qxf2 29. Rxf2 Rf8 30. Rhf1 Rxf2 31. Rxf2 Bf7 32. Kd2 e6 33. b3 Rc8
34. Nb4 a5 35. Nxb5 axb4 36. Rxf7+ Kxf7 37. Nxd6+ Ke7 38. Nxc8+ Kd8 39. Nd6
bxa3 40. Kc1 Ne7 41. Nc4 Kc7 42. Nxa3 Kc6 43. Kd2 Kc5 44. c3 Nc6 45. Nc4 e5 46.
Kd3 Kb5 47. b4 Ka6 48. Nd6 Kb6 49. Kc4 Ne7 50. Nf7 Kc6 51. b5+ Kb6 52. Nxe5 Kb7
53. Kc5 Kc7 54. c4 Kb7 55. Kd6 Nc8+ 56. Ke6 Kb6 57. Nxg6 Kb7 58. Ne7 Nb6 59. c5
Na4 60. c6+ Kc7 61. Nd5+ Kc8 62. Kd6 Nb2 63. Ne7+ Kb8 64. c7+ Kb7 65. c8=Q+ Kb6
66. Qa6# 1-0

[Event "4NCL Division 4 South"]
[Site "Maidenhead, ENG"]
[Date "2019.11.09"]
[Round "1.113"]
[White "Rayner, Hugo"]
[Black "Melsom, Jonathan T"]
[Result "1/2-1/2"]
[WhiteElo "1645"]
[BlackElo "1711"]
[PlyCount "54"]
[EventDate "2019.11.09"]
[WhiteTeam "Oxford 5"]
[BlackTeam "West is Best 3"]

1. e4 e6 2. d4 d5 3. Nc3 Nf6 4. e5 Nfd7 5. f4 c5 6. Nf3 Nc6 7. Be3 Be7 8. Qd2
a6 9. Ne2 Qb6 10. c3 c4 11. Ng3 g6 12. Be2 Qd8 13. Nf1 b5 14. a3 Na5 15. Bd1
Rb8 16. g4 f5 17. gxf5 exf5 18. h4 Nf8 19. h5 $11 Rb6 20. Qh2 Rg8 21. Rg1 Be6
22. hxg6 hxg6 23. Rc1 Bf7 24. Rc2 Nb7 25. Rcg2 a5 26. Ng5 Bxg5 27. Rxg5 Ne6
1/2-1/2

[Event "4NCL Division 4 South"]
[Site "Maidenhead, ENG"]
[Date "2019.11.09"]
[Round "1.114"]
[White "Eckert, Jonathan"]
[Black "Henbest, Kevin B"]
[Result "1-0"]
[WhiteElo "1699"]
[BlackElo "1649"]
[PlyCount "37"]
[EventDate "2019.11.09"]
[WhiteTeam "West is Best 3"]
[BlackTeam "Oxford 5"]

1. e4 c5 2. Nc3 d6 3. f4 Nc6 4. Nf3 e5 5. Bb5 exf4 6. d4 Bd7 7. Bxf4 cxd4 8.
Nxd4 Qb6 9. Be3 Qa5 10. O-O Nf6 11. Nf5 Bxf5 12. Rxf5 Qc7 13. Rxf6 gxf6 14. Nd5
Qd8 15. Qf3 Bg7 16. Bd4 O-O 17. Bxc6 bxc6 18. Nxf6+ Kh8 19. Qf5 1-0

[Event "4NCL Division 4 South"]
[Site "Maidenhead, ENG"]
[Date "2019.11.09"]
[Round "1.115"]
[White "Kassey, Amaan"]
[Black "Davies, Merlin"]
[Result "1-0"]
[WhiteElo "1562"]
[BlackElo "1520"]
[PlyCount "59"]
[EventDate "2019.11.09"]
[WhiteTeam "Oxford 5"]
[BlackTeam "West is Best 3"]

1. e4 e5 2. f4 d5 3. exd5 c6 4. Nf3 e4 5. Ne5 cxd5 6. Qh5 g6 7. Nxg6 fxg6 8.
Qe5+ Kf7 9. Qxh8 Bg7 10. Qxh7 Nf6 11. Qh4 Nc6 12. c3 Bf5 13. Be2 Qb6 14. g4 Bd7
15. Na3 a6 16. Nc2 Rh8 17. Qg3 Re8 18. Rg1 d4 19. Bc4+ Kf8 20. f5 Ne5 21. b3
Nf3+ 22. Kd1 Nxg1 23. Ba3+ Re7 24. Bxe7+ Kxe7 25. Qxg1 Ne8 26. Nxd4 Nd6 27. f6+
Kxf6 28. Qf2+ Bf5 29. gxf5 Nxf5 30. Be6 1-0

[Event "4NCL Division 4 South"]
[Site "Maidenhead, ENG"]
[Date "2019.11.09"]
[Round "1.116"]
[White "Fowler, Caspian"]
[Black "Matilal, Tamal"]
[Result "1-0"]
[WhiteElo "1493"]
[BlackElo "1422"]
[PlyCount "63"]
[EventDate "2019.11.09"]
[WhiteTeam "West is Best 3"]
[BlackTeam "Oxford 5"]

1. e4 d6 2. d4 g6 3. Nf3 Bg7 4. Nc3 Bg4 5. Be3 Nd7 6. h3 Bxf3 7. Qxf3 c5 8. Bc4
Ngf6 9. dxc5 Ne5 10. Qe2 Nxc4 11. Qxc4 O-O 12. cxd6 Rc8 13. Qd3 exd6 14. O-O
Re8 15. Rfe1 a6 16. Bf4 Re6 17. Rad1 Ne8 18. e5 Qe7 19. Nd5 Qd8 20. exd6 Bxb2
21. Rxe6 fxe6 22. Ne7+ Qxe7 23. dxe7 Kf7 24. Bg5 Rc5 25. Qb3 Rb5 26. Qe3 Bg7
27. h4 Re5 28. Qf3+ Rf5 29. Qxb7 h6 30. Be3 Rh5 31. Rd8 Bf6 32. Qd7 1-0

[Event "4NCL Division 4 South"]
[Site "Maidenhead, ENG"]
[Date "2019.11.09"]
[Round "1.121"]
[White "George, Andrew P"]
[Black "Taylor, Alistair"]
[Result "1-0"]
[WhiteElo "1975"]
[BlackElo "1810"]
[PlyCount "133"]
[EventDate "2019.11.09"]
[WhiteTeam "Ashfield 2"]
[BlackTeam "Watford 2"]

1. c4 Nf6 2. Nf3 g6 3. Nc3 d5 4. e3 c5 5. cxd5 Nxd5 6. h3 Bg7 7. Bb5+ Bd7 8.
Qb3 Nb6 9. O-O O-O 10. d4 Be6 11. Qa3 c4 12. b3 a6 13. Bxc4 Nxc4 14. bxc4 Bxc4
15. Rd1 Nc6 16. Qc5 Rc8 17. Qxc4 Nxd4 18. Qf1 Nxf3+ 19. gxf3 Qa5 20. Nd5 Bxa1
21. Nxe7+ Kg7 22. Nxc8 Rxc8 23. e4 Qxa2 24. Qd3 Qe6 25. f4 Rc3 26. Qd4+ Qf6 27.
Qxf6+ Kxf6 28. Be3 Ra3 29. Kg2 Ra4 30. Rxa1 Rxe4 31. Kf3 Re6 32. Rc1 b5 33. Rc7
Rd6 34. Ke4 Ke6 35. Bc5 f5+ 36. Ke3 Rd5 37. Bb4 Rd1 38. Rc6+ Kf7 39. Rxa6 Rb1
40. Bc5 Rb3+ 41. Kd4 Rxh3 42. Ke5 Rh1 43. Ra7+ Ke8 44. Rb7 Re1+ 45. Be3 h6 46.
Rxb5 g5 47. fxg5 hxg5 48. Kxf5 Re2 49. Kxg5 Ke7 50. Re5+ Kf7 51. f4 Rg2+ 52.
Kf5 Rh2 53. Bc5 Rh5+ 54. Ke4 Rh4 55. Be7 Rh1 56. Kf5 Rh5+ 57. Bg5 Rh1 58. Re7+
Kf8 59. Kf6 Rb1 60. f5 Rb3 61. Bh6+ Kg8 62. Re8+ Kh7 63. Bg7 Rb6+ 64. Re6 Rb7
65. Bf8 Kg8 66. Bh6 Kh7 67. Re7+ 1-0

[Event "4NCL Division 4 South"]
[Site "Maidenhead, ENG"]
[Date "2019.11.09"]
[Round "1.122"]
[White "Vig, Sanjay"]
[Black "Naylor, Michael A"]
[Result "1-0"]
[WhiteElo "1510"]
[BlackElo "1967"]
[PlyCount "47"]
[EventDate "2019.11.09"]
[WhiteTeam "Watford 2"]
[BlackTeam "Ashfield 2"]

1. e4 e5 2. f4 Bc5 3. Nf3 d6 4. c3 Bb6 5. Bc4 Nf6 6. fxe5 Nxe4 7. Qa4+ Nc6 8.
Bxf7+ Kxf7 9. Qxe4 g6 10. d4 Bf5 11. Ng5+ Qxg5 12. Qd5+ Be6 13. O-O+ Kg7 14.
Qxe6 Qe7 15. Qh3 Nxe5 16. Qh6+ Kg8 17. Bg5 Qd7 18. Nd2 Nf7 19. Rxf7 Qxf7 20.
Ne4 Qg7 21. Nf6+ Kf7 22. Qh3 h6 23. Rf1 Ke7 24. Qd7+ 1-0

[Event "4NCL Division 4 South"]
[Site "Maidenhead, ENG"]
[Date "2019.11.09"]
[Round "1.123"]
[White "Flynn, David"]
[Black "Hylands, Keith A"]
[Result "1-0"]
[WhiteElo "1907"]
[BlackElo "1397"]
[PlyCount "71"]
[EventDate "2019.11.09"]
[WhiteTeam "Ashfield 2"]
[BlackTeam "Watford 2"]

1. e4 e5 2. Nf3 Nc6 3. Bb5 a6 4. Ba4 Nf6 5. O-O b5 6. Bb3 Be7 7. Re1 O-O 8. h3
Re8 9. d3 Bf8 10. Nc3 Na5 11. Bg5 Nxb3 12. axb3 c6 13. Nh2 h6 14. Bh4 Be7 15.
Bg3 d6 16. f4 Nd7 17. Nf3 Bf8 18. f5 f6 19. Nh4 Nb6 20. Bf2 Re7 21. Ng6 Rb7 22.
Qh5 Bd7 23. Re3 Be8 24. Rg3 Bxg6 25. Rxg6 Kh7 26. Be3 Qe8 27. Bxb6 Rxb6 28. h4
Rd8 29. Kh2 Qe7 30. Rg1 Rb7 31. g4 d5 32. g5 Qc5 33. gxh6 gxh6 34. Rxh6+ Bxh6
35. Qg6+ Kh8 36. Qxh6+ 1-0

[Event "4NCL Division 4 South"]
[Site "Maidenhead, ENG"]
[Date "2019.11.09"]
[Round "1.124"]
[White "Dasgupta, Avyukt"]
[Black "Townsend, John"]
[Result "0-1"]
[WhiteElo "1390"]
[BlackElo "1937"]
[PlyCount "84"]
[EventDate "2019.11.09"]
[WhiteTeam "Watford 2"]
[BlackTeam "Ashfield 2"]

1. e4 e5 2. f4 exf4 3. Nf3 d6 4. Bc4 h6 5. O-O g5 6. h3 Bg7 7. d4 Ne7 8. Nc3
O-O 9. Qd3 Nbc6 10. Bd2 Nb4 11. Qe2 Nxc2 12. Rac1 Nxd4 13. Qf2 Nec6 14. Kh1
Nxf3 15. Qxf3 Ne5 16. Qe2 Nxc4 17. Qxc4 Be6 18. Qb4 Qd7 19. h4 c6 20. Be1 Be5
21. Rg1 a5 22. Qb6 c5 23. Qb5 Qxb5 24. Nxb5 Bxa2 25. Ra1 Bc4 26. Nc7 Rac8 27.
Nd5 Bxd5 28. exd5 b6 29. g3 Bxb2 30. Rb1 Bd4 31. Rg2 f3 32. Rd2 Rfe8 33. Rd3 g4
34. Bd2 Bf2 35. Kh2 c4 36. Ra3 Re2 37. Be3 Bxe3+ 38. Kh1 c3 39. Rxc3 Rxc3 40.
Rf1 Rcc2 41. Rf2 Rc1+ 42. Kh2 Rxf2# 0-1

[Event "4NCL Division 4 South"]
[Site "Maidenhead, ENG"]
[Date "2019.11.09"]
[Round "1.125"]
[White "Hill, Maurice J"]
[Black "Ramesh, Karthik R"]
[Result "1-0"]
[WhiteElo "1825"]
[BlackElo "1285"]
[PlyCount "95"]
[EventDate "2019.11.09"]
[WhiteTeam "Ashfield 2"]
[BlackTeam "Watford 2"]

1. g3 f5 2. Nf3 Nc6 3. d4 Nf6 4. Bg2 e6 5. O-O Be7 6. b3 O-O 7. Bb2 d6 8. Nbd2
Qe8 9. Re1 Ne4 10. Nf1 Bf6 11. c4 e5 12. d5 Ne7 13. N3d2 Nxd2 14. Qxd2 Qh5 15.
e3 f4 16. exf4 exf4 17. Bxf6 Rxf6 18. Rxe7 fxg3 19. Nxg3 Qh4 20. Rae1 Bh3 21.
R7e4 Qh6 22. Qxh6 Rxh6 23. Bxh3 Rxh3 24. Kg2 Rh6 25. Re8+ Rxe8 26. Rxe8+ Kf7
27. Rc8 c5 28. dxc6 bxc6 29. Rxc6 d5 30. cxd5 Rxc6 31. dxc6 Ke7 32. Nf5+ Ke6
33. Nd4+ Kd6 34. Kf3 g5 35. b4 a6 36. a4 h5 37. h3 Kc7 38. b5 axb5 39. axb5 Kb6
40. Kg3 Kc7 41. f4 g4 42. hxg4 hxg4 43. Kxg4 Kd8 44. Kf5 Kc7 45. Ke5 Kd8 46. b6
Kc8 47. f5 Kd8 48. f6 1-0

[Event "4NCL Division 4 South"]
[Site "Maidenhead, ENG"]
[Date "2019.11.09"]
[Round "1.126"]
[White "Tharkabhushanam, Anirvin"]
[Black "Graham, Neil"]
[Result "0-1"]
[WhiteElo "1300"]
[BlackElo "1825"]
[PlyCount "50"]
[EventDate "2019.11.09"]
[WhiteTeam "Watford 2"]
[BlackTeam "Ashfield 2"]

1. e4 e5 2. Nf3 Nf6 3. Nc3 Nc6 4. Bc4 Be7 5. O-O O-O 6. d3 d6 7. h3 Na5 8. Be3
Nxc4 9. dxc4 b6 10. Re1 Bb7 11. Bd2 Qd7 12. Nd5 Nxd5 13. cxd5 f5 14. c4 fxe4
15. Rxe4 Rf7 16. Bc3 Raf8 17. Re3 Qf5 18. Qe2 Bc8 19. g4 Qg6 20. Rf1 Bxg4 21.
hxg4 Qxg4+ 22. Kh1 Rxf3 23. Rxf3 Rxf3 24. Qxf3 Qxf3+ 25. Kh2 Bg5 0-1

[Event "4NCL Division 4 South"]
[Site "Maidenhead, ENG"]
[Date "2019.11.09"]
[Round "1.131"]
[White "Johnson, Derek R"]
[Black "Pein, Jonathan"]
[Result "0-1"]
[WhiteElo "1896"]
[BlackElo "2151"]
[PlyCount "102"]
[EventDate "2019.11.09"]
[WhiteTeam "Crowthorne 2"]
[BlackTeam "Wood Green Youth"]

1. e4 e5 2. Nf3 d6 3. d4 exd4 4. Nxd4 Nf6 5. Nc3 g6 6. Bg5 Bg7 7. Bc4 h6 8. Bh4
O-O 9. O-O Nc6 10. Nxc6 bxc6 11. Qd3 g5 12. Bg3 Ng4 13. Bb3 a5 14. Rfe1 Qf6 15.
Rad1 Ne5 16. Qe3 Ng6 17. f3 Re8 18. Bf2 Bd7 19. Qd2 Qe7 20. Bd4 Be5 21. Bxe5
Qxe5 22. Qf2 Nf4 23. Qd4 Ng6 24. Qf2 Qf6 25. a4 Reb8 26. g3 Ne5 27. Kg2 Be6 28.
Bxe6 fxe6 29. b3 Rf8 30. Rf1 Qg7 31. Qe3 Rf7 32. Ne2 Raf8 33. f4 gxf4 34. Nxf4
Ng4 35. Qd2 Qg5 36. h4 Qf6 37. Qe2 h5 38. Nxh5 Qf2+ 39. Rxf2 Rxf2+ 40. Qxf2
Rxf2+ 41. Kh3 Ne3 42. Rd3 Nxc2 43. g4 c5 44. e5 d5 45. Kg3 Re2 46. Nf6+ Kf7 47.
Kf4 Nb4 48. Rf3 d4 49. Nd7 d3 50. Rf1 d2 51. Rd1 Nd5+ 0-1

[Event "4NCL Division 4 South"]
[Site "Maidenhead, ENG"]
[Date "2019.11.09"]
[Round "1.132"]
[White "Dias, Savin"]
[Black "Tart, Peter K"]
[Result "1/2-1/2"]
[WhiteElo "1990"]
[BlackElo "1890"]
[PlyCount "112"]
[EventDate "2019.11.09"]
[WhiteTeam "Wood Green Youth"]
[BlackTeam "Crowthorne 2"]

1. e4 e5 2. Nf3 Nf6 3. Nxe5 Nxe4 4. Qe2 Qe7 5. Qxe4 d6 6. d4 dxe5 7. dxe5 Nc6
8. Bb5 Bd7 9. O-O O-O-O 10. Re1 Nxe5 11. Bxd7+ Rxd7 12. Nc3 Nc6 13. Bf4 Qxe4
14. Rxe4 Bd6 15. Rd1 Bxf4 16. Rxf4 Rhd8 17. Rxd7 Rxd7 18. Re4 Nd4 19. Re8+ Rd8
20. Rxd8+ Kxd8 21. Ne4 Nxc2 22. Kf1 Ke7 23. Ke2 Nb4 24. a3 Nd5 25. g3 Nf6 26.
Nc5 b6 27. Nd3 Kd6 28. h4 Nd7 29. Nf4 a5 30. Kd3 Nc5+ 31. Kc4 c6 32. f3 b5+ 33.
Kc3 Ne6 34. Nd3 Kd5 35. b3 c5 36. f4 f6 37. f5 Nd4 38. g4 b4+ 39. axb4 axb4+
40. Kb2 Ne2 41. Kc2 Nd4+ 42. Kb2 Nf3 43. h5 Ne5 44. Nf4+ Kd6 45. Ne6 Nxg4 46.
Nxg7 Ne3 47. Kc1 Ke5 48. Ne6 Kd5 49. Nc7+ Kc6 50. Ne8 Nxf5 51. Nxf6 h6 52. Kd2
Kd6 53. Kd3 Ke5 54. Ng4+ Kf4 55. Nxh6 Nd4 56. Kc4 Nxb3 1/2-1/2

[Event "4NCL Division 4 South"]
[Site "Maidenhead, ENG"]
[Date "2019.11.09"]
[Round "1.133"]
[White "Cross, Mark"]
[Black "Dias, Sam"]
[Result "1-0"]
[WhiteElo "1746"]
[BlackElo "1352"]
[PlyCount "109"]
[EventDate "2019.11.09"]
[WhiteTeam "Crowthorne 2"]
[BlackTeam "Wood Green Youth"]

1. d4 d5 2. e3 Nf6 3. Bd3 Bg4 4. Ne2 e6 5. f3 Bh5 6. Nf4 Bg6 7. Nxg6 hxg6 8. f4
c5 9. c3 Nc6 10. Qf3 Qa5 11. O-O c4 12. Bc2 Bd6 13. h3 Rb8 14. Nd2 Ne7 15. e4
dxe4 16. Nxe4 Nxe4 17. Bxe4 Qc7 18. Bd2 f5 19. Bc2 Qc6 20. Qxc6+ Nxc6 21. Rae1
Kf7 22. b3 b5 23. Re2 Rh4 24. Rfe1 Nd8 25. Kh2 g5 26. g3 gxf4 27. gxh4 f3+ 28.
Re5 Nc6 29. Bf4 Bxe5 30. Bxe5 Nxe5 31. Rxe5 Rh8 32. Re3 f4 33. Rxf3 Rxh4 34. b4
g5 35. Be4 Rh8 36. Bc6 a6 37. Kg2 Kf6 38. a4 bxa4 39. Bxa4 Kf5 40. Bc2+ Kf6 41.
Rf1 Rd8 42. Re1 Rh8 43. Bd1 Rd8 44. Bg4 Rd6 45. Re5 Rc6 46. Kf3 Rd6 47. Rc5 Ke7
48. Rxg5 Rd5 49. Rxd5 exd5 50. Kxf4 Kf6 51. Bc8 a5 52. bxa5 Ke7 53. a6 Kd8 54.
Bb7 Kc7 55. h4 1-0

[Event "4NCL Division 4 South"]
[Site "Maidenhead, ENG"]
[Date "2019.11.09"]
[Round "1.134"]
[White "Desai, Nilomi"]
[Black "Leadbetter, Scott"]
[Result "1-0"]
[WhiteElo "1840"]
[BlackElo "1682"]
[PlyCount "79"]
[EventDate "2019.11.09"]
[WhiteTeam "Wood Green Youth"]
[BlackTeam "Crowthorne 2"]

1. d4 b6 2. c4 e6 3. Nf3 Bb7 4. Nbd2 d5 5. Qc2 c5 6. cxd5 cxd4 7. dxe6 fxe6 8.
Qc4 Bd5 9. Qa4+ Qd7 10. Qxd7+ Nxd7 11. e4 dxe3 12. fxe3 Ngf6 13. Bc4 Bb4 14.
Bxd5 Nxd5 15. Ke2 O-O 16. a3 Bc5 17. Ne4 Be7 18. Rd1 Rac8 19. Neg5 Rc2+ 20. Rd2
Rxd2+ 21. Bxd2 e5 22. Rc1 e4 23. Nxe4 Nc5 24. Nxc5 Bxc5 25. b4 Bxe3 26. Bxe3
Re8 27. Kd3 Rxe3+ 28. Kd4 Rxa3 29. Kxd5 Ra2 30. Ng5 g6 31. h4 Rd2+ 32. Ke5 Rd7
33. Kf6 Rd8 34. Ne6 Ra8 35. Rc7 a5 36. Rg7+ Kh8 37. Ng5 Rf8+ 38. Nf7+ Rxf7+ 39.
Rxf7 axb4 40. Rf8# 1-0

[Event "4NCL Division 4 South"]
[Site "Maidenhead, ENG"]
[Date "2019.11.09"]
[Round "1.135"]
[White "Shek, Daniel"]
[Black "Lazarevic, Ljubica"]
[Result "0-1"]
[WhiteElo "1534"]
[BlackElo "1350"]
[PlyCount "116"]
[EventDate "2019.11.09"]
[WhiteTeam "Crowthorne 2"]
[BlackTeam "Wood Green Youth"]

1. d4 d5 2. c4 c6 3. Nc3 e6 4. Nf3 Nf6 5. g3 Bd6 6. Bg2 Nbd7 7. O-O dxc4 8. e4
e5 9. dxe5 Nxe5 10. Nxe5 Bxe5 11. Qxd8+ Kxd8 12. Rd1+ Ke7 13. f4 Bc7 14. Be3
Bb6 15. Bxb6 axb6 16. e5 Ng4 17. Ne4 Ne3 18. Rd2 Nxg2 19. Kxg2 Be6 20. Nc3 Rhd8
21. Rad1 Rxd2+ 22. Rxd2 Bd5+ 23. Nxd5+ cxd5 24. a3 Ke6 25. Kf3 b5 26. Ke3 f6
27. exf6 gxf6 28. Kd4 Rd8 29. g4 Kd6 30. Re2 h5 31. f5 hxg4 32. Re6+ Kc7 33.
Rxf6 Rh8 34. Rg6 Rxh2 35. Rxg4 Rd2+ 36. Kc3 Rf2 37. Rg5 Rf4 38. Kb4 d4 39. Kxb5
d3 40. f6 Kd6 41. f7 Ke7 42. Rd5 Kxf7 43. Kb4 Ke6 44. Rd8 Ke5 45. Kc3 $11 b5
46. Re8+ Kd6 47. Rd8+ Kc7 48. Rd5 Kc6 49. Rd8 Rf5 50. Rd4 Rd5 51. Rxd5 Kxd5 52.
Kd2 Kd4 53. Kd1 Ke3 54. Ke1 d2+ 55. Kd1 Kd3 56. a4 bxa4 57. b4 c3 58. b5 c2#
0-1